| 000 | 00726nam a22001937a 4500 | ||
|---|---|---|---|
| 003 | OSt | ||
| 005 | 20251218055315.0 | ||
| 008 | 251218b |||||||| |||| 00| 0 eng d | ||
| 020 | _a1-55798-241-4. | ||
| 040 |
_aDWCL-Main lib _cOC |
||
| 082 | _aCirc. 808.06615 P976 1994 | ||
| 110 | _aAMERICAN PSYCHOLOGICAL ASSSOCIATION | ||
| 245 |
_aPublication manual of the American Psychological Association _cAMERICAN PSYCHOLOGICAL ASSOCIATION |
||
| 260 |
_aWashington, D.C. : _bAmerican Psychological Association, _cc1994. |
||
| 300 |
_axxxii, 368 pages ; _c25 cm. |
||
| 650 | _21. Psychology-Authorship-handbooks, manuals, etc., | ||
| 651 | _22. Social sciences-Authorship-handbooks, manuals, etc. | ||
| 942 |
_2ddc _cBK-CIRC _kCirc. _n0 |
||
| 999 |
_c7194 _d7194 |
||